Statistics for Argentinian football players by picture

Click here to take the quiz!

General Stats

  • This quiz has been taken 67 times
  • The average score is 12 of 15

Answer Stats

Answer% Correct
Diego Maradona
98%
Lionel Messi
98%
Ángel Di María
95%
Sergio Agüero
95%
Paulo Dybala
92%
Gonzalo Higuaín
90%
Javier Mascherano
90%
Julián Álvarez
87%
Nicolás Otamendi
81%
Hernán Crespo
79%
Javier Zanetti
79%
Gabriel Batistuta
74%
Diego Milito
58%
Mario Kempes
48%
Walter Samuel
40%

Score Distribution

Percentile by Number Answered

Percent of People with Each Score

Your Score History

You have not taken this quiz